Communes de la Tarentaise - Statistiques

Statistiques générales
  • Ce quiz a été pris 15 fois
  • Le résultat moyen est 18 sur 30
Statistiques - réponses
Réponse % Correct
Aime-la-Plagne
100%
Bourg-Saint-Maurice
100%
La Plagne-Tarentaise
92%
Moûtiers
92%
Tignes
92%
Val-d'Isère
92%
Courchevel
83%
Les Belleville
83%
Bozel
67%
Grand Aigueblanche
67%
Les Allues
67%
Pralognan-la-Vanoise
67%
Landry
58%
Sainte-Foy-Tarentaise
58%
Séez
58%
Brides-les-Bains
50%
Champagny-en-Vanoise
50%
Les Chapelles
50%
Montvalezan
50%
Peisey-Nancroix
50%
Saint-Marcel
50%
La Léchère
42%
Les Avanchers-Valmorel
42%
Montagny
42%
Feissons-sur-Salins
33%
Hautecour
33%
Notre-Dame-du-Pré
33%
Salins-Fontaine
33%
Le Planay
25%
Villaroger
17%
Aucun quiz correspondant
Distribution des résultats
% des personnes avec chaque résultat
Percentile par nombre de réponses
Votre historique - résultats
Vous n’avez pas pris ce quiz